Loading...
| History - American History | 2 | 4 | 0 | 1 | 70 | 26 | 89.83 | 1 | 6 |
| History - World History | 2 | 4 | 1 | 2 | 65 | 18 | 84.00 | 2 | 6 |
| History - Euro History | 2 | 3 | 0 | 1 | 60 | 41 | 85.00 | 2 | 5 |
| Other - Geo/CE | 1 | 2 | 0 | 2 | 35 | 30 | 97.33 | 1 | 3 |
| Arts - Music | 0 | 3 | 0 | 0 | 30 | 121 | 125.67 | 0 | 3 |
| History - Other History | 0 | 3 | 1 | 1 | 25 | 99 | 113.00 | 0 | 3 |
| Literature - British Lit | 0 | 2 | 0 | 2 | 20 | 138 | 140.00 | 0 | 2 |
| Beliefs - Religion | 1 | 0 | 0 | 0 | 15 | 67 | 67.00 | 1 | 1 |
| Other - Pop Culture | 1 | 0 | 0 | 0 | 15 | 72 | 72.00 | 1 | 1 |
| Science - Biology | 0 | 1 | 0 | 0 | 10 | 99 | 99.00 | 0 | 1 |
| Thought - Philosophy | 0 | 1 | 0 | 0 | 10 | 113 | 113.00 | 0 | 1 |
| Arts - Other Arts | 0 | 1 | 0 | 0 | 10 | 99 | 99.00 | 0 | 1 |
| Thought - Social Science | 0 | 0 | 0 | 0 | 0 | 0.00 | 0 | 0 | |
| Arts - Painting | 0 | 0 | 0 | 0 | 0 | 0.00 | 0 | 0 | |
| Literature - World Lit | 0 | 0 | 0 | 0 | 0 | 0.00 | 0 | 0 | |
| Other - Other Academic | 0 | 0 | 0 | 0 | 0 | 0.00 | 0 | 0 | |
| Science - Chemistry | 0 | 0 | 0 | 0 | 0 | 0.00 | 0 | 0 | |
| Science - Physics | 0 | 0 | 0 | 0 | 0 | 0.00 | 0 | 0 | |
| Literature - Euro Lit | 0 | 0 | 1 | 0 | -5 | 0.00 | 0 | 0 | |
| Beliefs - Mythology | 0 | 0 | 2 | 0 | -10 | 0.00 | 0 | 0 |